000 00809cab a2200241 4500
001 WB2932-35
008 090401t1993 xxu||||| |||| 00| 0 eng d
035 _a(Sirsi) u11621
041 _aeng
245 _aLenders wary of valuation reform
260 _c1993
350 _a0
490 _aEstates Times
_v20/27 August 1993, 3(1)
520 _aThe Association of Property Bankers has warned that the RICS must not think solely of the protection of its members when considering reforms to property valuations.
650 _aPRESIDENTIAL WORKING PARTY
650 _aPROPERTY LENDERS
650 _aRICS APPRAISAL AND VALUATION MANUAL
650 _aWHITE BOOK
690 _aMANAGEMENT-BUSINESS MANAGEMENT-PROFESSIONAL PRACTICE
690 _aRATING AND VALUATION
942 _n0
948 _c04/03/1997
999 _c7414
_d7414